00460nam a22001097a 4500003000400000082001800004100002200022245023000044260004500274300000700319650002400326SGT a617.645bC25M aMehlawat, Rachita aChange in knowledgent, attitude and practice of pediatricians about infant oral health and early childhood caries in children including with special healthcare needs after dental health education program in South-West Delhi  aGurugram, HaryanabSGT University c2024 a79 aPediatric Dentistry